|
|
|
|
| LEADER |
00000nab a2200000 4500 |
| 001 |
vtls011755100 |
| 003 |
SK-MaSNL |
| 005 |
20260319070806.0 |
| 008 |
180509|20180509xo |||| || ||00 0|hun |
| 015 |
|
|
|a SNBRB2018/05
|
| 038 |
|
|
|a DSZK
|
| 040 |
|
|
|a DSZK
|b slo
|c DSZK
|e rda
|
| 041 |
|
|
|a hun
|
| 043 |
|
|
|a e-xo---
|
| 044 |
|
|
|a xo
|c SK
|
| 072 |
|
7 |
|a 796
|x Šport. Hry. Telesné cvičenia
|2 konspekt
|
| 080 |
|
|
|a 796.322-055.2(437.612)
|2 2011
|
| 100 |
1 |
|
|a Mészáros, Károly J.,
|d 1955-
|4 aut
|9 103301
|
| 245 |
1 |
0 |
|a Visszavágott az újonc
|c J. Mészáros Károly
|
| 336 |
|
|
|a text
|b txt
|2 rdacontent
|
| 337 |
|
|
|a bez média
|b n
|2 rdamedia
|
| 338 |
|
|
|a zväzok
|b nc
|2 rdacarrier
|
| 610 |
2 |
7 |
|a MŠK Dunajská Streda
|2 dszk
|9 776976
|
| 610 |
2 |
7 |
|a Handball Zlatná na Ostrove
|2 dszk
|9 1086623
|
| 650 |
0 |
7 |
|a hádzaná
|2 SNKPH
|9 3292
|
| 650 |
0 |
7 |
|a ženy
|2 SNKPH
|9 4865
|
| 650 |
0 |
7 |
|a 1. liga
|2 dszk
|9 722880
|
| 651 |
|
7 |
|a Dunajská Streda (Slovensko)
|2 SNKPHgeo
|9 17375
|
| 651 |
|
7 |
|a Zlatná na Ostrove (Slovensko)
|2 SNKPHgeo
|9 79942
|
| 773 |
0 |
|
|t Új szó
|g Évf. 71, sz. 105 (2018.5.9), o. 15
|x 1335-7050
|
| 958 |
|
|
|a SK
|
| 999 |
|
|
|c 1786972
|d 1788902
|